000 01060nam0a2200301 4500
001 RU\NLR\bibl\1234316
005 20260409073046.0
010 _a978-5-386-00407-1
_95000
021 _aRU
_b2008-26679
_91473
035 _a(NLR Aleph) 001220567
090 _a135740
_c135740
100 _a20080529d2008 |||y0rusy50 ca
101 0 _arus
102 _aRU
105 _ay |||||||||
200 1 _aСтарцы и предсказатели Оптиной пустыни
_fЕ. Филякова
210 _aМосква
_cРИПОЛ классик
_d2008
215 _a317, [2] с.
_d21
320 _aБиблиогр. в конце кн.
606 _8rus
_aОптинские старцы
_7ca
_3RU\NLR\auth\661254647
_92078782
686 _aЭ372.24-64
700 1 _4070
_8rus
_7ca
_aФилякова
_bЕ. Г.
_cписательница
_gЕлена Геннадиевна
_3RU\NLR\auth\7784044
_966972
801 0 _aRU
_bNLR
_c20080529
_gRCR
801 1 _aRU
_bNLR
_c20080529
942 _cBOOK
980 _aNB